000 01841nas a2200265Ia 4500
001 R053-S9177
003 IT-CnALBA
008 170116c99999999xx |||||||||||| ||und||
040 _aIT-CnALBA
_cIT-CnALBA
041 _aITALIANO
100 _aBetti Laura # Malavasi Luca # Autori vari
210 _aCINEFORUM
222 _aCINEFORUM
245 0 _aCineforum 437. Agosto-Settembre 2004. rivista di cultura cinematografica.'
250 _a1a ed.
260 _as.c.
_bFederazione italiana Cineforum'
_c2004 [1° Ed.:2004 - Ed.Ling.Originale: 2004]
310 _aMENSILE
362 _aFascicolo: 7 / Anno: 44 (2004)
500 _aSpeciale Carmelo Bene.Il ritorno di Aurora. Pasolini e gli altri. Monteiro, Coderd, Carrel, Oz, Lifshitz, Breillat, Brumi Tedesch, Usmov, Ceylan. classicità e Cinema, Bertani A. Vai e Vem di Jean-Luc Codard, Filmese, Bertolino, Figazzolo R. Mancino G. A. ... Cartoni Animati. La casa dei 1000 corpi. Timr Lime. Censi R. Anamorfosi, Don Giovanni. Spaziani P. Una macchina attoriale. Intervista a Laura Betti, Festival e Rassegne. Tivutargets. Le Lume del cinema. Libri a cura di E. Comuzio.'
501 _aSocietà San Paolo EM - Piazza San Paolo, 14 - 12051 ALBA (CN) (non commercial uses only) ® Copyright 2017
520 _aSpeciale Carmelo Bene.Il ritorno di Aurora. Pasolini e gli altri. Monteiro, Coderd, Carrel, Oz, Lifshitz, Breillat, Brumi Tedesch, Usmov, Ceylan. classicità e Cinema, Bertani A. Vai e Vem di Jean-Luc Codard, Filmese, Bertolino, Figazzolo R. Mancino G. A. ... Cartoni Animati. La casa dei 1000 corpi. Timr Lime. Censi R. Anamorfosi, Don Giovanni. Spaziani P. Una macchina attoriale. Intervista a Laura Betti, Festival e Rassegne. Tivutargets. Le Lume del cinema. Libri a cura di E. Comuzio.'
650 _aARTI RICREATIVE E DELLO SPETTACOLO
942 _cCR
957 _71
999 _a79874
_bNO
_g1
_c336238
_d336238